[Event "Michigan Class B"]
[Site "Auburn Hills, MI"]
[Date "2002.04.28"]
[Round "5.4"]
[White "Gadson, Joseph"]
[Black "Nicolli, Randy"]
[Result "1-0"]
[WhiteElo "1675"]
[BlackElo "1686"]
[Annotator "Jeff Aldrich"]
[PlyCount "33"]
[EventDate "2002.04.26"]

{Pirc: Kholmov} 1. e4 d6 2. d4 Nf6 3. Nc3 g6 4. Be3 Bg7 5. Bc4 O-O 6. Qd2 c6 ({
Way too passive. How about going after that dark square bishop with} 6... Ng4 {
Getting that guy would turn the fianchettoed bishop into a monster.}) 7. Bb3
Nbd7 8. Bh6 Qc7 {Continued passive play by Black has allowed White to build up
his attack.} 9. h4 e5 10. h5 Kh8 $2 ({A better idea would be to try a
distraction with} 10... exd4 {With the text, Black gets rolled.}) 11. hxg6 fxg6
12. Bxg7+ Kxg7 13. dxe5 dxe5 14. Qh6+ Kh8 15. Nf3 {Plenty of time.} Rd8 16.
Qxg6 Qd6 17. Ng5 {There is no way to adequately cover both the f7 and h7
squares.} 1-0

[Event "Michigan Masters/Experts"]
[Site "Auburn Hills, MI"]
[Date "2002.04.28"]
[Round "4.5"]
[White "Gabbara, Faris"]
[Black "Davidovich, Manis"]
[Result "1-0"]
[WhiteElo "2058"]
[BlackElo "2047"]
[Annotator "Tim McGrew"]
[PlyCount "51"]
[EventDate "2002.04.26"]

{Dutch: Hopton} 1. d4 f5 {Few openings arouse such strong opinions among
stronger players as the Dutch. Joel Benjamin has opined that it is a rotten
opening under any circumstances; yet it is played from time to time even by
super-Grandmasters. One thing seems certain: it is a difficult opening for
Black to play well.} 2. Bg5 {This is one of the reasons that I do not play the
Dutch. White has a variety of early deviations, and (at least at mortal levels
of play) Black never gets to those interesting lines of the Leningrad that he
has been studying and hoping for.} g6 3. Nc3 ({In a recent book, Aaron
Summerscale recommends} 3. Nd2 Bg7 4. e4 Bxd4 5. exf5 Bxb2 6. fxg6 {I think
he's actually serious. Consider the consequences:} Bxa1 (6... hxg6 7. Rb1 Bg7 (
{Summerscale doesn't mention} 7... Bf6 {but White's compensation still looks
huge after} 8. Be3 e6 9. Bd3 Ne7 10. Qg4 Rg8 11. Ne4 $44) 8. Bd3 {All of this
for just a pawn!?}) 7. Qxa1 Nf6 8. Ne4 O-O 9. gxh7+ Kxh7 10. Bd3 {and even
Fritz is beginning to have doubts about Black's position. If you like this
sort of king-side for Black, perhaps you should take up bungee diving.}) 3...
Bg7 4. Nf3 Nf6 5. Bxf6 Bxf6 6. e4 fxe4 7. Nxe4 {Dutch fanatics can pull out
reams of analysis to show that Black holds these sorts of positions with his
"little center" at e6 and d6 and emerges triumphant in the endgame. This is
all very well on paper, but in real life I can't help but appreciate White's
lead in development and the weakening of the Black king-side. The position is
rather like a mirror-image Sicilian, but here in the mirror (through the
looking-glass?) the Black king is a good deal more exposed.} Bg7 8. c3 O-O 9.
Qb3+ Kh8 10. h4 {White's attack is unfolding naturally while Black has yet to
come up with a clear plan.} h6 11. Bd3 {Faris immediately focuses on the new
weakness, the undefended pawn at g6.} d5 12. Ng3 Rxf3 $2 {This exchange sac is
a sign of panic. Black, with his king-side pawns gone on holiday and his
entire queen-side undeveloped, is in no shape to open the center.} 13. gxf3 e5
14. Bxg6 exd4 15. cxd4 Qf6 16. Qd3 (16. Qxd5 {looks convincing too:} Qxd4 17.
Qxd4 Bxd4 18. O-O-O Bxf2 19. Rd8+ Kg7 20. Be4 $18) 16... Nc6 17. Nh5 Qe7+ 18.
Kf1 Nb4 19. Qe3 Qf8 20. Nxg7 Kxg7 21. h5 Bd7 22. Qe5+ Kg8 23. Rg1 Bb5+ 24. Bd3+
Kf7 25. Qf5+ Ke7 26. Re1+ 1-0

[Event "Michigan Class D/E"]
[Site "Auburn Hills, MI"]
[Date "2002.04.28"]
[Round "4.5"]
[White "Ford, Adam"]
[Black "Dixon, DaVaughn"]
[Result "0-1"]
[WhiteElo "1198"]
[BlackElo "1205"]
[Annotator "Tim McGrew"]
[PlyCount "74"]
[EventDate "2002.04.26"]

{French: Advance} 1. e4 e6 2. d4 d5 {For players who aren't initiated into its
mysteries. For just that reason, it can be a good weapon if you understand it
and your opponent does not.} 3. e5 {Lovers of gambit play will want to try out
the Alapin-Diemer Gambit (3.Be3!?) while players with more normal levels of
aggression will select 3.Nc3. But then White has to be ready for all of
Black's major replies: 3...Bb4, 3...Nf6, and 3...dxe4. Adam bypasses all of
these options with the Advance Variation, where at least White knows what he
is going to get.} c5 4. c3 {Believe it or not, other moves are legal here.
Nimzowitsch advocated 4.Qg4!? but it never caught on much. I can recommend 4.
Nf3!? (intending to gambit the d-pawn) and 4.dxc5!? to adventurous souls. But
in the long run, none of these is likely to replace 4.c3 as the main line.} Qb6
5. Nf3 Nc6 {Decision time. Should White try Sveshnikov's pet line with 6.a3,
or the dangerous and dubious Millner-Barry Gambit 6.Bd3, or just restrained
development with 6.Be2 ... or are there other alternatives?} 6. b3 $2 {As a
short-term decision, this makes sense. White wants to put his bishop on e3
without losing his b-pawn. But the move loosens White's queen-side pawn
structure without advancing his development, and in the long run he is likely
to regret this.} f6 $6 {This is playable but it does not punish White as
severely as he deserves.} (6... cxd4 $1 7. cxd4 Bb4+ $1 {is embarrassing.
White cannot interpose a piece on d2 without losing the d-pawn, and} 8. Ke2 {
looks unspeakably ugly.}) 7. Be3 fxe5 8. dxe5 Nge7 9. b4 $6 {Playing with fire
before brining out his pieces. White should try 9.Bd3 and get his King out of
the center before something happens to it.} Nxb4 $6 {What's this? Black is
needlessly spooked and sacrifices a piece for obscure compensation.} (9... Ng6
{creates strong pressure against White's e-pawn. Notice that this move would
be practically unplayable if White had played 9.Bd3.}) 10. cxb4 Qxb4+ 11. Bd2
Qe4+ 12. Qe2 Qxe2+ 13. Bxe2 {On paper, White is ahead with a piece for just
two pawns. But in practice, this is a difficult position for White to handle.
Black's massive central pawn presence makes it difficult for White to
formulate and carry out a plan.} a6 14. O-O b5 $1 {Black is mobilizing those
pawns as fast as he can. The position is slipping from the "clear advantage to
White" column into the "small advantage for White" column, with an increasing
amount of uncertainty.} 15. Nc3 Nf5 16. Bd3 g6 17. Bg5 Be7 18. Bxe7 Kxe7 19.
Ne2 Bd7 20. Rac1 c4 21. Bxf5 gxf5 22. Ned4 {A good square for the knight, but
White doesn't keep it there. At this point the pawns are becoming positively
alarming and good piece placement may not be enough to save the game.} b4 23.
Rb1 a5 24. Rfc1 Rab8 25. h3 a4 26. Nc2 b3 27. axb3 axb3 28. Ne3 Ra8 29. Kh2 $2
{This looks like a waste of time.} ({White has to blockade the pawns with
knights on d4 and c3, one rook on b2, and the other rook free to assist
against attacks. Perhaps he could try something like} 29. Nd1 Rhb8 30. Nc3 Ba4
31. Rb2 Bc6 32. Nd4 {and the knights hold back the avalanche.}) 29... Ra2 30.
Kg1 Rb8 31. Ng5 {There is nothing for the knight to do over here.} (31. Nd1 {
is still best, aiming for the blockade, though at this point itmay not be good
enough if Black sacrifices the pawn:} b2 $1 32. Rc2 Ba4 33. Rcxb2 Rbxb2 34.
Rxb2 Ra1 $1 {and things look grim for White.}) 31... b2 32. Rd1 Ba4 33. Re1 c3
34. Kh2 c2 35. Nxe6 cxb1=Q 36. Rxb1 Ra1 37. Rxa1 bxa1=Q 0-1

[Event "Michigan Class C"]
[Site "Auburn Hills, MI"]
[Date "2002.04.28"]
[Round "4.2"]
[White "Foord, Larry"]
[Black "Moore, Martin"]
[Result "1-0"]
[WhiteElo "1506"]
[BlackElo "1579"]
[PlyCount "145"]
[EventDate "2002.04.26"]

1. d4 Nf6 2. c4 g6 3. Nc3 Bg7 4. e4 d6 5. h3 O-O 6. Nf3 c5 7. d5 a6 8. Qc2 Re8
9. Bd3 Nfd7 10. O-O Ne5 11. Nxe5 Bxe5 12. Bg5 Nd7 13. Ne2 Bg7 14. Bf4 Rb8 15.
a4 Nf8 16. Bg5 Bd7 17. a5 Qc8 18. f4 b5 19. axb6 Rxb6 20. Ra2 e6 21. Kh2 Qb7
22. Rb1 Rb8 23. Nc3 Rb3 24. Nd1 Qc8 25. Bh4 Bd4 26. Bg3 R3b6 27. Nc3 h6 28. Ne2
Bg7 29. Be1 Nh7 30. Ng1 Rb3 31. Ne2 R3b6 32. Bd2 Nf6 33. Qc1 Kh7 34. Bc2 Ng8
35. Ba5 R6b7 36. Ng1 Ne7 37. Nf3 exd5 38. exd5 Nf5 39. Bd1 Nd4 40. Bc3 Nxf3+
41. Bxf3 Bxc3 42. Qxc3 Kg8 43. Re1 Rb3 44. Qd2 Bxh3 45. Re3 Rxe3 46. Qxe3 Bd7
47. b3 Rb6 48. Bd1 Qd8 49. Kg3 Qe8 50. Qf2 Qc8 51. Ra1 Qd8 52. Bc2 Qf6 53. Re1
Bf5 54. Re3 Bxc2 55. Qxc2 Rb8 56. Qa2 Qd4 57. Rf3 Ra8 58. Qa5 Qf6 59. b4 cxb4
60. Qxb4 a5 61. Qa4 Qd8 62. Rb3 Kg7 63. Rb5 h5 64. c5 dxc5 65. Rxc5 Ra7 66.
Qd4+ Qf6 67. Qa4 Qd8 68. Rc6 Qxd5 69. Qa1+ Kf8 70. Qf6 Qf5 71. Rc8+ Qxc8 72.
Qh8+ Ke7 73. Qxc8 1-0

[Event "Michigan Class C"]
[Site "Auburn Hills, MI"]
[Date "2002.04.28"]
[Round "5.2"]
[White "Foord, Larry"]
[Black "Grzegorczyk, Ron"]
[Result "0-1"]
[WhiteElo "1506"]
[BlackElo "1500"]
[PlyCount "100"]
[EventDate "2002.04.26"]

1. d4 d5 2. c4 c6 3. e3 Nf6 4. Nc3 e6 5. Qc2 g6 6. Nf3 Bg7 7. Bd3 Nbd7 8. O-O
O-O 9. Re1 Nb6 10. c5 Nbd7 11. e4 dxe4 12. Nxe4 Nxe4 13. Bxe4 Nf6 14. Bg5 h6
15. Be3 Nxe4 16. Qxe4 Qd5 17. Qc2 f5 18. Qc3 g5 19. b3 f4 20. Bc1 Bd7 21. Bb2
Be8 22. Rad1 Bh5 23. Rd3 Bxf3 24. gxf3 Rad8 25. Red1 Rd7 26. h3 Qf5 27. Kg2
Rfd8 28. Qc4 Kh7 29. R3d2 Rd5 30. Qe2 Qf7 31. Bc3 h5 32. b4 Rf5 33. a3 g4 34.
hxg4 hxg4 35. Rd3 Qg6 36. Rh1+ Kg8 37. Kf1 g3 38. fxg3 fxg3 39. Rg1 Rg5 40. Rd2
Rf8 41. Kg2 Kf7 42. Rd3 Rh8 43. Rh1 Rxh1 44. Kxh1 Rh5+ 45. Kg1 Rh2 46. Qe4 Qh6
47. f4 Rf2 48. Qh1 Rf1+ 49. Kxf1 Qxh1+ 50. Ke2 g2 0-1

[Event "Michigan Class C"]
[Site "Auburn Hills, MI"]
[Date "2002.04.28"]
[Round "5.8"]
[White "Foord, Allan"]
[Black "Mose, Greg"]
[Result "0-1"]
[WhiteElo "1500"]
[BlackElo "1504"]
[PlyCount "66"]
[EventDate "2002.04.26"]

1. e4 c5 2. Nf3 d6 3. d4 cxd4 4. Nxd4 Nf6 5. Nc3 e6 6. Bc4 a6 7. a4 Qc7 8. Bb3
Nbd7 9. Bg5 Be7 10. f4 Nc5 11. Qe2 e5 12. Nf5 O-O 13. Nxe7+ Qxe7 14. Nd5 Qd8
15. Nxf6+ gxf6 16. Bh6 Re8 17. f5 Kh8 18. Bxf7 Re7 19. Bd5 Bd7 20. b4 Nxa4 21.
Ra3 Nb6 22. Bxb7 Bb5 23. Qg4 Rxb7 24. Rg3 Raa7 25. Kf2 Qc8 26. c3 d5 27. exd5
Nxd5 28. Rc1 Bc6 29. c4 Nxb4 30. Rb1 a5 31. Rd1 e4 32. Rd6 Nd3+ 33. Kg1 Rb1+
0-1

[Event "Michigan Masters/Experts"]
[Site "Auburn Hills, MI"]
[Date "2002.04.28"]
[Round "4.1"]
[White "Finegold, Ben"]
[Black "O'Donnell, Robert"]
[Result "1-0"]
[WhiteElo "2631"]
[BlackElo "2176"]
[Annotator "Ben Finegold"]
[PlyCount "29"]
[EventDate "2002.04.26"]

{Nimzo-Indian: Noa} 1. d4 Nf6 2. c4 e6 3. Nc3 Bb4 4. Qc2 d5 5. cxd5 Qxd5 {I
think this may well be Black's best move, and only in the last 6 years or so
has it been played a lot, due to the finding of 6...Qf5!} 6. Nf3 Qf5 $1 {The
ending seems to be equal based on lots of GM games and I wanted to keep it
complicated, so I played a move I was not very familiar with, which worked out
fine, as neither was Bob.} 7. Qb3 Nc6 $6 (7... c5 {is the main line.}) 8. a3
Bd6 $2 {DIAGRAM A blunder losing a piece for 2 pawns. After my response, my
opponent was obviously distraught and put up little resistance.} 9. e4 $1 Nxe4
10. Bd3 Nc5 11. dxc5 Qxd3 12. cxd6 Qxd6 ({I think} 12... cxd6 {is better, but
in the end black will lose in any case.}) 13. Be3 O-O 14. Rc1 Bd7 $2 15. Nb5 {
Black loses more material.} 1-0

[Event "Michigan Class D/E"]
[Site "Auburn Hills, MI"]
[Date "2002.04.28"]
[Round "5.1"]
[White "Dixon, DaVaughn"]
[Black "Cottrell-Finegold, Kelly"]
[Result "1-0"]
[WhiteElo "1205"]
[BlackElo "1338"]
[PlyCount "59"]
[EventDate "2002.04.26"]

1. d4 d5 2. Nf3 Nf6 3. Bg5 e6 4. Nbd2 Be7 5. Bxf6 Bxf6 6. e3 Nc6 7. Bd3 O-O 8.
c3 e5 9. dxe5 Nxe5 10. Nxe5 Bxe5 11. Qc2 h6 12. f4 Bf6 13. O-O-O c5 14. Nf3 Qa5
15. Kb1 c4 16. Bf5 Be6 17. h4 Qb6 18. Ng5 Rfe8 19. Bxe6 Rxe6 20. Nxe6 fxe6 21.
Rde1 Rc8 22. g4 Rc5 23. g5 Bxc3 24. Qxc3 Rb5 25. gxh6 gxh6 26. Rhg1+ Kf7 27.
Rg7+ Ke8 28. Qf6 Qc5 29. Qxe6+ Kf8 30. Qf7# 1-0

[Event "Michigan Class D/E"]
[Site "Auburn Hills, MI"]
[Date "2002.04.28"]
[Round "5.2"]
[White "Dillabough, Tracey"]
[Black "Winowski, Joe"]
[Result "0-1"]
[WhiteElo "1357"]
[BlackElo "1211"]
[PlyCount "68"]
[EventDate "2002.04.26"]

1. d4 Nf6 2. c4 e6 3. Nc3 Bb4 4. Qc2 c5 5. dxc5 Bxc5 6. Nf3 Nc6 7. a3 d5 8. b4
Bd6 9. Bg5 Be7 10. Rd1 h6 11. cxd5 exd5 12. Bxf6 gxf6 13. Nxd5 Bd6 14. e4 Bg4
15. Be2 h5 16. Qb2 Ne5 17. Nxe5 fxe5 18. Bxg4 hxg4 19. O-O Qh4 20. h3 gxh3 21.
g3 h2+ 22. Kh1 Qxe4+ 23. f3 Qg6 24. Qd2 O-O-O 25. Rc1+ Kb8 26. Qf2 Rdg8 27. g4
e4 28. f4 Qe6 29. Ne3 Rh3 30. Rfd1 Rgh8 31. Nc4 Bc7 32. Ne3 Rf3 33. Qc2 Bb6 34.
Qc3 Qe8 0-1

[Event "Michigan Class B"]
[Site "Auburn Hills, MI"]
[Date "2002.04.28"]
[Round "5.3"]
[White "DeFrayne, Don"]
[Black "Steen, Harold"]
[Result "1-0"]
[WhiteElo "1731"]
[BlackElo "1617"]
[PlyCount "95"]
[EventDate "2002.04.26"]

1. g3 f5 2. Bg2 Nf6 3. Nc3 g6 4. d3 Bg7 5. h4 h6 6. e4 d6 7. Be3 Nc6 8. Nh3 Be6
9. Nf4 Bf7 10. h5 g5 11. Ng6 Bxg6 12. hxg6 fxe4 13. Nxe4 Qd7 14. Qd2 O-O-O 15.
O-O-O Kb8 16. Qc3 Nxe4 17. Qxg7 Nf6 18. Rxh6 Rxh6 19. Qxh6 g4 20. Rh1 Qe6 21.
Bxc6 bxc6 22. Bd4 Qxa2 23. g7 Ng8 24. Qh5 e5 25. Bc3 Qe6 26. Qg5 Re8 27. Rh4 e4
28. Qxg4 exd3 29. Qxe6 Rxe6 30. cxd3 Kb7 31. Rb4+ Kc8 32. Rf4 Re8 33. Rf7 Kd8
34. Ba5 Ne7 35. Rf8 Ng8 36. Bxc7+ Kd7 37. Bxd6 Re1+ 38. Kd2 Re8 39. f4 Nh6 40.
g4 c5 41. Bxc5 a5 42. g5 Ng8 43. f5 a4 44. f6 a3 45. Bxa3 Rc8 46. f7 Ne7 47.
g8=Q Nxg8 48. fxg8=Q 1-0

[Event "Michigan Masters/Experts"]
[Site "Auburn Hills, MI"]
[Date "2002.04.28"]
[Round "5.5"]
[White "Davidovich, Manis"]
[Black "Jarosz, Stan"]
[Result "0-1"]
[WhiteElo "2047"]
[BlackElo "2051"]
[Annotator "Tim McGrew"]
[PlyCount "152"]
[EventDate "2002.04.26"]

{Grob: Macho} 1. g4 $6 {Well at least it's not 1.d4! This breaks the monotony,
but it is of value chiefly as a surprise weapon. If Black knows what he is
doing, there are several interesting ways to cause White trouble.} d5 {Tried
and true.} ({Ralph Betza used to play} 1... Nf6 $5 {provoking the pawns
forward. After} 2. g5 Nh5 3. e4 g6 4. d4 d5 5. e5 Ng7 {Black has a comfortable
position resembling a favorable Gurgenidze Caro-Kann.}) 2. h3 ({Grob's
original idea was} 2. Bg2 {offering the g-pawn as bait and angling for tactics
against b7. One absolutely crazy variation known as the Romford Countergambit,
named for the hometown of its rediscoverer Nicholas Pelling but played by
Lustig in Prague as far back as 1930, runs} Bxg4 3. c4 d4 4. Bxb7 Nd7 5. Bxa8
Qxa8 {and White needs to exercise care in order to survive, e.g.} 6. f3 (6. Nf3
$2 d3 $19) 6... e5 {with a complex position where Black certainly has some
compensation for his material.}) 2... e5 3. Bg2 c6 {This is the classic pawn
structure recommended by Grob himself as the antidote to White's slower setup
with h3.} 4. c4 $5 {Amazingly, this sharp move is not mentioned in either
Benjamin and Schiller's Unorthodox Openings or the more recent Big Book of
Busts by Watson and Schiller.} dxc4 5. Nc3 Nf6 (5... Be6 {worked out well in
Herrera-Flores, Argentina 2001:} 6. Nf3 Nd7 7. d4 cxd3 8. Qxd3 h6 {and White
does not appear to have anything for the pawn.}) 6. Qa4 Be6 7. Nf3 Nfd7 $5 {A
creative idea that works out well. Black intends to swing a knight to c5 and
swap off some pieces.} (7... Nbd7 {is also possible and looks a bit more
natural.}) 8. Qc2 Na6 9. Ne4 h6 10. d4 cxd3 11. Qxd3 Qc7 12. O-O Nac5 13. Nxc5
Bxc5 {This cannot be what White was hoping for in playing 1.g4. Black has a
significant advantage.} 14. a3 Rd8 15. Qc3 Be7 16. b4 Bf6 17. e4 {Manis plays
the position about as well as it can be played hereabouts. It is important
that White keep the diagonal from f6 to a1 blocked.} a6 18. Rd1 O-O 19. g5 hxg5
20. Bxg5 Bxg5 21. Nxg5 Rfe8 22. Bf1 Nf8 23. Qg3 Qe7 24. Nf3 f6 25. Kh2 Rxd1 26.
Rxd1 Rd8 {White's problem is that there is nothing constructive to be done.
Black methodically swaps off pieces and heads for a favorable endgame.} 27. Rc1
Qf7 28. Nh4 Qh5 29. Bg2 Qh6 (29... Rd2 {looks very annoying here.}) 30. Rc3 Qf4
31. Rf3 Qxg3+ 32. fxg3 Rd2 {So the rook arrives on the seventh rank after all.
The remainder is pretty much unrelieved suffering.} 33. g4 Bc4 34. Nf5 Ng6 35.
Kg3 Nf4 36. Rf2 Rd3+ 37. Rf3 Ne2+ 38. Kf2 Rxf3+ 39. Bxf3 Nd4 40. Nd6 Bb5 41.
Bd1 b6 42. Nc8 c5 43. Nxb6 cxb4 44. axb4 Bd3 45. Ke3 Bc2 46. Bf3 Bb3 47. Be2
Nxe2 48. Kxe2 g5 49. Kd3 Kf7 50. Nd7 Ba4 51. Nc5 Bb5+ 52. Ke3 Ke7 53. Kf3 Kd6
54. Kg3 Bc4 55. h4 gxh4+ 56. Kxh4 Kc6 57. Kh5 a5 58. Kg6 axb4 59. Na4 Bb5 60.
Nb2 Kc5 61. Kxf6 Kd4 62. g5 Kc3 63. Nd1+ Kd2 {Nothing works for White any more.
} 64. Nf2 b3 65. g6 b2 66. g7 Bc4 {White could resign here, but he decides to
test Stan's technique.} 67. Ng4 b1=Q 68. Nxe5 Qxe4 69. Nxc4+ Qxc4 70. Ke7 Qg8 {
Simple and conclusive.} 71. Kf6 Ke3 72. Kg6 Kf4 73. Kf6 Ke4 74. Kg6 Ke5 75. Kh6
Kf5 76. Kh5 Qh7# 0-1

[Event "Michigan Class C"]
[Site "Auburn Hills, MI"]
[Date "2002.04.28"]
[Round "4.4"]
[White "Choate, Eric"]
[Black "Holden, Anthony"]
[Result "1-0"]
[WhiteElo "1502"]
[BlackElo "1477"]
[PlyCount "66"]
[EventDate "2002.04.26"]

1. e4 c5 2. Nf3 e5 3. d3 Nc6 4. Be2 d6 5. c3 h6 6. Nbd2 Be6 7. O-O g5 8. h3 g4
9. hxg4 Bxg4 10. Nh2 h5 11. Ndf3 Bh6 12. Be3 Bxe3 13. fxe3 Qe7 14. Qb3 Be6 15.
Qc2 Nh6 16. d4 d5 17. exd5 Bxd5 18. e4 O-O-O 19. exd5 Rxd5 20. dxe5 Ng4 21. Qe4
Rg8 22. Nxg4 hxg4 23. Qxd5 gxf3 24. Rxf3 Nxe5 25. Re3 Rg5 26. Qe4 f6 27. Rd1
Qg7 28. Qd5 Qc7 29. Qe6+ Nd7 30. Qe8+ Qd8 31. Qxd8+ Kxd8 32. Bb5 Kc7 33. Rxd7+
Kb6 1-0

[Event "Michigan Class D/E"]
[Site "Auburn Hills, MI"]
[Date "2002.04.28"]
[Round "5.3"]
[White "Cendrowski, Chris"]
[Black "West, Aaron"]
[Result "1-0"]
[WhiteElo "1329"]
[BlackElo "1094"]
[Annotator "Tim McGrew"]
[PlyCount "51"]
[EventDate "2002.04.26"]

{Two Knights: Blackburne (Bogolubov)} 1. e4 e5 2. Nf3 Nc6 3. Bc4 Nf6 4. Ng5 d5
5. exd5 Na5 6. Bb5+ c6 7. dxc6 bxc6 8. Qf3 {White dares Black to take the
bishop. This bluffing game is very dangerous, however.} Bb7 $6 {This purely
defensive response doesn't have a very good theoretical reputation.} ({Black
should seriously consider taking up the challenge with} 8... cxb5 $5 9. Qxa8
Bc5 10. Qf3 Bb7 {when Black's active pieces create serious threats against
White's almost wholly undeveloped position.}) 9. Bd3 h6 10. Ne4 Nd5 11. Qg3 Nf4
12. b3 Nxd3+ 13. cxd3 f6 14. Qg6+ Ke7 15. Ba3+ Ke6 16. Bxf8 Qxf8 17. b4 Qxb4
18. Qxg7 Raf8 19. O-O Rhg8 20. Qxh6 c5 21. Nbc3 Rh8 22. Qe3 Rfg8 23. Rab1 Qa3
24. Qxc5 Qxc5 25. Nxc5+ Ke7 26. Nxb7 1-0